[Event "Tenerife-chT Preferente"]
[Site "Tenerife"]
[Date "2024.11.30"]
[Round "3.3"]
[White "Granda Rodriguez, Jose Manuel"]
[Black "Martinez Rojas, Carlos Jose"]
[Result "0-1"]
[WhiteElo "1924"]
[BlackElo "2008"]
[PlyCount "132"]
[EventDate "2024.11.09"]
[EventType "team-tourn"]
[EventRounds "14"]
[EventCountry "ESP"]
[SourceTitle "CB14_2025"]
[SourceDate "2024.11.01"]
[SourceVersion "1"]
[SourceVersionDate "2024.11.01"]
[SourceQuality "1"]
[WhiteTeam "Circulo de Amistad XII Enero"]
[BlackTeam "Canarias 64"]
[WhiteTeamCountry "ESP"]
[BlackTeamCountry "ESP"]

1. e4 e5 2. Nf3 Nc6 3. d4 exd4 4. Bc4 Nf6 5. e5 d5 6. Bb5 Ne4 7. Nxd4 Bc5 8. Be3 Bd7 9. Bxc6 bxc6 10. 0-0 Bb6 11. a4 a5 12. Nd2 Nxd2 13. Qxd2 c5 14. Nb3 d4 15. Bg5 Qb8 16. Rfe1 Be6 17. f4 h6 18. Bh4 Qa7 19. Bf2 0-0-0 20. Rad1 Bg4 21. Rb1 c4 22. Nc1 Bf5 23. Rf1 Qb7 24. b4 d3 25. cxd3 Bxf2+ 26. Rxf2 c5 27. Qc3 cxb4 28. Qxc4+ Kb8 29. Nb3 Bxd3 30. Nxa5 Bxc4 31. Nxb7 Rd4 32. Nc5 Rc8 33. Nb3 Bxb3 34. Rxb3 Rc1+ 35. Rf1 Rxf1+ 36. Kxf1 Rxf4+ 37. Ke2 Kc7 38. Ke3 Rg4 39. g3 Kb6 40. Rd3 Kc5 41. a5 f5 42. exf6 gxf6 43. a6 Rg7 44. Rd1 b3 45. Ra1 Ra7 46. Kd3 Kb4 47. Kd4 Rd7+ 48. Ke4 b2 49. Rb1 Kb3 50. Kf5 Rd6 51. a7 Ra6 52. a8Q Rxa8 53. Kxf6 Rg8 54. Kf5 Kc2 55. Rxb2+ Kxb2 56. g4 Rg5+ 57. Kf4 Kc3 58. h4 Rg6 59. g5 hxg5+ 60. hxg5 Kd4 61. Kf5 Rg8 62. Kf6 Kd5 63. g6 Rf8+ 64. Kg5 Ke6 65. g7 Re8 66. Kg6 Rg8 0-1

[Event "Tenerife-chT Preferente"]
[Site "Tenerife"]
[Date "2024.11.16"]
[Round "2.2"]
[White "Granda Rodriguez, Jose Manuel"]
[Black "Mamani Beltran, Deniman"]
[Result "0-1"]
[WhiteElo "1924"]
[BlackElo "2333"]
[PlyCount "78"]
[EventDate "2024.11.09"]
[EventType "team-tourn"]
[EventRounds "14"]
[EventCountry "ESP"]
[SourceTitle "CB14_2025"]
[SourceDate "2024.11.01"]
[SourceVersion "1"]
[SourceVersionDate "2024.11.01"]
[SourceQuality "1"]
[WhiteTeam "Circulo de Amistad XII Enero"]
[BlackTeam "Ebano Barrio Nuevo"]
[WhiteTeamCountry "ESP"]
[BlackTeamCountry "ESP"]

1. e4 c5 2. Nc3 Nc6 3. g3 e5 4. Bg2 g6 5. d3 Bg7 6. Nh3 Nge7 7. 0-0 h6 8. Be3 d6 9. f4 0-0 10. Qd2 Kh7 11. Rf2 f5 12. Raf1 Be6 13. Nd5 Qd7 14. fxe5 Nxe5 15. Nxe7 Qxe7 16. exf5 Bxf5 17. Bf4 Qd7 18. Bxe5 dxe5 19. g4 Bxg4 20. Rxf8 Rxf8 21. Rxf8 Bxf8 22. Nf2 Bf5 23. Qe3 b6 24. Ne4 Qd4 25. Qxd4 exd4 26. Nf6+ Kg7 27. Ne8+ Kf7 28. Nc7 Bd7 29. Nd5 Bd6 30. c4 dxc3 31. bxc3 Bf5 32. d4 Bb1 33. a4 Bc2 34. Ne3 Bxa4 35. Nc4 Ke7 36. Be4 Be8 37. Ne3 cxd4 38. cxd4 b5 39. h3 a5 0-1

[Event "Capablanca Memorial op-B 45th"]
[Site "Havana"]
[Date "2011.05.13"]
[Round "3"]
[White "Pacey, Kevin"]
[Black "Granda Rodriguez, Jose Manuel"]
[Result "1-0"]
[WhiteElo "2169"]
[BlackElo "1971"]
[PlyCount "97"]
[EventDate "2011.05.11"]
[EventType "swiss"]
[EventRounds "7"]
[EventCountry "CUB"]
[SourceTitle "CBM 142 Extra"]
[Source "ChessBase"]
[SourceDate "2011.06.27"]
[SourceVersion "1"]
[SourceVersionDate "2011.06.27"]
[SourceQuality "1"]

1. e4 e5 2. Nf3 Nc6 3. Bc4 Nf6 4. d4 exd4 5. e5 d5 6. Bb5 Ne4 7. Nxd4 Bd7 8. Bxc6 bxc6 9. 0-0 Bc5 10. Be3 0-0 11. Nd2 Nxd2 12. Qxd2 Bb6 13. Nb3 f6 14. exf6 Qxf6 15. Nc5 Bf5 16. Bd4 Qg6 17. Qc3 Rf7 18. Rae1 Raf8 19. Re3 h5 20. Rg3 Qh6 21. Qe3 Qxe3 22. Rxe3 Bxc2 23. Ne6 Re8 24. Rc1 Rfe7 25. Bxb6 Rxe6 26. Bxa7 Be4 27. f3 Bf5 28. Rxe6 Rxe6 29. Kf2 Bd3 30. Re1 Rxe1 31. Kxe1 Bb1 32. a4 Bd3 33. g3 Kf7 34. Kd2 Bf1 35. Ke3 Ke6 36. h4 Bc4 37. a5 g6 38. g4 Bf1 39. Bc5 Ba6 40. Kf4 hxg4 41. fxg4 Kf6 42. Bd4+ Kf7 43. h5 gxh5 44. gxh5 Kg8 45. Kf5 Kh7 46. Be3 Bc8+ 47. Kf6 Ba6 48. Ke7 Be2 49. Kd8 1-0

[Event "Capablanca Memorial op-B 45th"]
[Site "Havana"]
[Date "2011.05.11"]
[Round "1"]
[White "Sanchez Ones, Yeny"]
[Black "Granda Rodriguez, Jose Manuel"]
[Result "0-1"]
[WhiteElo "2010"]
[BlackElo "1971"]
[PlyCount "64"]
[EventDate "2011.05.11"]
[EventType "swiss"]
[EventRounds "7"]
[EventCountry "CUB"]
[SourceTitle "CBM 142 Extra"]
[Source "ChessBase"]
[SourceDate "2011.06.27"]
[SourceVersion "1"]
[SourceVersionDate "2011.06.27"]
[SourceQuality "1"]

1. e4 e5 2. Nf3 Nc6 3. d4 exd4 4. Nxd4 Qh4 5. Nb5 Bc5 6. Qe2 Nd4 7. Nxd4 Bxd4 8. Nd2 Qf6 9. c3 Bc5 10. Nf3 d6 11. e5 Qe6 12. Bf4 d5 13. Rd1 c6 14. Qd2 h6 15. Nd4 Qe7 16. Be2 Bd7 17. b4 Bb6 18. a4 Bc7 19. e6 Bxe6 20. Nxe6 fxe6 21. Bh5+ Kd8 22. Bxc7+ Qxc7 23. c4 Qe5+ 24. Be2 Nf6 25. 0-0 Kc7 26. cxd5 exd5 27. Bf3 Rad8 28. b5 c5 29. Qa5+ Kb8 30. b6 axb6 31. Qxb6 Qc7 32. Qxc7+ Kxc7 0-1